Mycobacterium avium ve svalovině jatečné hrabavé drůbeže /

Main Author: Žídek, Pavel, veterinární lékař
Corporate Author: Vysoká škola zemědělská v Brně. Veterinární fakulta
Language: Czech
Published: Brno : Pavel Žídek, 1967
Physical Description: 75 s., obr. příl.
Book
Saved in:
LEADER 00773nam a2200205 a 4500
001 000633259
003 CZ BrMZK
005 20041108162116.0
007 ta
008 021025s1967 xr f cze d
040 |a BOA001  |b cze  |c BOA001 
100 1 |a Žídek, Pavel,  |c veterinární lékař  |4 aut 
245 1 0 |a Mycobacterium avium ve svalovině jatečné hrabavé drůbeže /  |c Pavel Žídek 
260 |a Brno :  |b Pavel Žídek,  |c 1967 
300 |a 75 s., obr. příl. 
502 |a Diplomová práce -- Vysoká škola zemědělská v Brně, 1967 
710 2 |a Vysoká škola zemědělská v Brně.  |b Veterinární fakulta  |7 kn20010710397 
910 |a BOA001  |b 4-0588.556 
990 |a BK 
996 6 |b 2619251028  |c 4-0588.556  |l MZK  |r Sklad / do 1 hodiny  |n 1  |w 000633259  |u 000010  |a 1  |e BOA001  |j MZK50  |s P